000 00917nam a22002295i 4500
001 54752
003 ES-MaACL
005 20250914145930.0
007 t|
008 960729q1899 sp ||||1| spa d
100 1 _aGabba, Carlo Francesco (
_d1838-1920)
_953129
245 1 0 _aCuestiones prácticas de derecho civil moderno /
_cpor C.F. Gabba ; traducción de Adolfo Posada.
260 _aMadrid :
_bLa España Moderna,
_c[1899] (
_fEstab. Tip. de Idamor Moreno)
300 _a2 v. ;
_c22 cm.
490 1 _aBiblioteca de jurisprudencia, filosofía e historia
505 8 _aContiene: I. Derecho personal y derecho real - II. Derecho hereditario. Derecho de las obligaciones
650 0 7 _aDerecho civil
_2embne
_911656
700 1 _aPosada, Adolfo,
_d1860-1944
_993316
830 1 0 _aBiblioteca de jurisprudencia, filosofía e historia
_9180691
852 _aES-MaACL
_jB-12440-41
999 _c54752
_d54752